| 000 | 01113 a2200181 4500 | ||
|---|---|---|---|
| 003 | Nust | ||
| 005 | 20221122124213.0 | ||
| 020 | _a8121935261 | ||
| 040 | _cNust | ||
| 082 | _a621.381,SIN | ||
| 100 |
_aDr. Sadhu Singh _9103336 |
||
| 245 |
_aPrinciples of Machanical Engineering / _cDr. Sadhu Singh |
||
| 260 |
_aNew Delhi _bS. Chand & Company _c2000 |
||
| 300 | _axviii,652p. | ||
| 505 | _aIntroduction to Machine Tools (Page-1), Basic Concepts of Thermodynamics (Page-56), Properties of Steam (Page-134), Steam Boilers (Page-184), Refrigeration and Air-Conditioning (Page-238), Hydraulic Turbines’, Pumps and Device (Page-254), Internal Combustion Engines (Page-278), System Turbines (Page-234), Condensers (Page-355), GAS Turbines (Page 383-400), Simple Lifting Machine (Page-401), Power Transmission Methods and Device (Page-428), Stresses and Strains (Page-459), Principal Stresses and Strains(Page-507), Shear Force and Bending Moment (Page-547), Flexural and tensional Loading (Page-587), Introduction to Manufacturing System (Page-614), | ||
| 650 | _aTelecommunication Engineering | ||
| 942 |
_2ddc _cBK |
||
| 999 |
_c189462 _d189462 |
||